Paper P6 Advanced Taxation (UK) FA 2007: Practice & Revision Kit for the Exams in June and December 2008 (Record no. 5528)

MARC details
005 - DATE AND TIME OF LATEST TRANSACTION
control field 20250627073941.0
020 ## - INTERNATIONAL STANDARD BOOK NUMBER
International Standard Book Number 978-0-7517-4695-2
082 ## - DEWEY DECIMAL CLASSIFICATION NUMBER
Classification number 657.46 ACC
111 ## - MAIN ENTRY--MEETING NAME
Meeting name or jurisdiction name as entry element ACCA
245 ## - TITLE STATEMENT
Title Paper P6 Advanced Taxation (UK) FA 2007: Practice & Revision Kit for the Exams in June and December 2008
260 ## - PUBLICATION, DISTRIBUTION, ETC.
Place of publication, distribution, etc. London,
Name of publisher, distributor, etc. BPP Learning Media Ltd
Date of publication, distribution, etc. 2008.
300 ## - PHYSICAL DESCRIPTION
Extent xxxii, 336p.: ill.;
Other physical details table,
Dimensions 29cm.
942 ## - ADDED ENTRY ELEMENTS (KOHA)
Source of classification or shelving scheme Dewey Decimal Classification
Koha item type Books
Holdings
Date last seen Total checkouts Full call number Barcode Cost, replacement price Price effective from Koha item type Lost status Source of classification or shelving scheme Damaged status Not for loan Withdrawn status Home library Current library Shelving location Date acquired Source of acquisition Cost, normal purchase price
06/27/2025   657.46 ACC MZA000461 90000.00 06/27/2025 Books   Dewey Decimal Classification       CBE Mwanza CBE Mwanza General Collection 06/27/2025 Library Budget 30000.00